Normal view
MARC view
- Watershed management
Entry Topical Term
001 - CONTROL NUMBER
- control field: 26394
003 - CONTROL NUMBER IDENTIFIER
- control field: NUST
005 - DATE AND TIME OF LATEST TRANSACTION
- control field: 20191203101650.0
008 - FIXED-LENGTH DATA ELEMENTS
- fixed length control field: 191203|| aca||aabn | a|a d
040 ## - CATALOGING SOURCE
- Original cataloging agency: NUST
- Transcribing agency: NUST
150 ## - HEADING--TOPICAL TERM
- Topical term or geographic name entry element: Watershed management
670 ## - SOURCE DATA FOUND
- Source citation: Work cat.: (NUST)0: Water co-management /
